000 02347nam a22003257a 4500
005 20080801115431.0
008 080801t xxu||||| |||| 00| 0 eng d
010 _aB-270095-100
020 _a0753405083
_c10312.50 (set of 24 vol.)
035 _aB-270095-100
037 _aG-04-0021
_bGrolier International (P) Ltd. / 27.5.08 / 12 / 8.4.08 / 5.6.08
040 _aDPL
_bEN
082 _a591.39
100 _aWood, Jenny
245 _aI wonder why Kangaroos have pouches, and other questions about baby animals /
_cby Jenny Wood
260 _aLondon
_bKingfisher Publications Plc
_c2007
260 _aNew Delhi
_bGrolier International (P) Ltd.
300 _a32p.:
_bcol. ill
_c28 cm. (Hb)
500 _aIt is a set of 24 vols. and set price 10312.50
500 _a includes index
942 _2ddc
_cCH
_h591.39
_mWOO
999 _c14351
_d14351